000 00420nam a2200169 a 4500
001 0000-8867
003 ELIB.Books
008 110520 1972
035 _a(ELIB.Books)0000-9013
082 _aB
_bWat
100 _aWaters, Ethel
245 _aTo Me It's Wnderful.
260 _bLondon: Happer and Row, Publishers
_c1972
650 _aBiography
942 _2ddc
_cBK
998 _cbat
_e2011-05-20
999 _c8867
_d8867